تحميل...

Writer to reader /

التفاصيل البيبلوغرافية
التنسيق: Printed Book
اللغة:English
منشور في: Boston : D C Heath, 1960.
LEADER 00326nam a2200109Ia 4500
008 150624b xxu||||| |||| 00| 0 eng d
245 |a Writer to reader / 
260 |a Boston :  |b D C Heath,  |c 1960. 
300 |a 397 p. 
942 |c BK 
999 |c 29904  |d 29904 
952 |0 1  |1 0  |4 0  |7 0  |9 29903  |a UL  |b UL  |c ST1  |d 1998-08-27  |l 0  |p 41408  |r 2012-10-27  |w 2012-10-27  |y BK